| 000 | 01169nam a2200241 a 4500 | ||
|---|---|---|---|
| 001 | ASIN0125161638 | ||
| 003 | OSt | ||
| 005 | 20170105102904.0 | ||
| 008 | 131021s1996 xxu eng d | ||
| 020 |
_a0125161638 (hardcover) _c$143.95 |
||
| 020 | _a9780125161633 (hardcover) | ||
| 040 | _a0 | ||
| 082 |
_a152 _bHAN 1996 |
||
| 245 | 1 | 0 |
_aHandbook of perception and action, three volume set / _cedited by Odmar Neumann, A. F. Sanders. |
| 260 |
_a[S.l.] : _bAcademic Press, _c1996. |
||
| 300 |
_a448 p. ; _c25 cm. |
||
| 500 | _avol. 1. Perception. -- vol. 2. Motor skills. -- vol. 3. Attention. | ||
| 520 | _aThe Handbook of Perception and Action overviews state-of-the-art research in these two areas, while also stressing the functional relationships between them. The three-volume set will be useful toresearchers, technicians, graduate students, and final-year undergraduates in psychology, developmental psychology, speech and hearing, neuropsychology, neuroscience, and physiology. | ||
| 700 | 1 | _aNeumann, Odmar. | |
| 700 | 1 | _aSanders, A. F. | |
| 856 | 4 | 0 |
_3Amazon.com _uhttp://www.amazon.com/exec/obidos/ASIN/0125161638/chopaconline-20 |
| 942 |
_2ddc _cREF |
||
| 999 |
_c14787 _d14787 |
||